Catálogo

El futuro de la identidad humana a debate : (Registro nro. 42038)

Detalles MARC
000 -LEADER
fixed length control field 01303cam a2200325 i 4500
001 - CONTROL NUMBER
control field 42038
003 - CONTROL NUMBER IDENTIFIER
control field Mx-PuUPA
005 - DATE AND TIME OF LATEST TRANSACTION
control field 20251106095314.0
008 - FIXED-LENGTH DATA ELEMENTS--GENERAL INFORMATION
fixed length control field 140415s2024 sp gr 000 0 spa d
017 ## - COPYRIGHT OR LEGAL DEPOSIT NUMBER
Copyright or legal deposit number M-12706-2024
020 ## - INTERNATIONAL STANDARD BOOK NUMBER
International Standard Book Number 9788430991563
040 ## - CATALOGING SOURCE
Original cataloging agency Mx-PuUPA
Language of cataloging spa
Transcribing agency Mx-PuUPA
Modifying agency Mx-PuUPA
Description conventions rda
041 0# - LANGUAGE CODE
Language code of text/sound track or separate title spa
245 03 - TITLE STATEMENT
Title El futuro de la identidad humana a debate :
Remainder of title protagonistas de la polémica sobre el transhumanismo /
Statement of responsibility, etc. Juan Arana, director ; autores, Juan Arana Cañedo-Argüelles, Andrés Ortigosa, María Caballero Wangüemert, Miguel Palomo [y otros 13]
264 #1 - PRODUCTION, PUBLICATION, DISTRIBUTION, MANUFACTURE, AND COPYRIGHT NOTICE
Place of production, publication, distribution, manufacture Madrid, España :
Name of producer, publisher, distributor, manufacturer Editorial Tecnos (Grupo Anaya),
Date of production, publication, distribution, manufacture, or copyright notice 2024
300 ## - PHYSICAL DESCRIPTION
Extent 316 páginas ;
Dimensions 23 cm
336 ## - CONTENT TYPE
Fuente rdacontent
Content type term texto
Content type code txt
337 ## - MEDIA TYPE
Source rdamedia
Media type term sin medio
Media type code n
338 ## - CARRIER TYPE
Source rdacarrier
Carrier type term volumen
Carrier type code nc
650 #7 - SUBJECT ADDED ENTRY--TOPICAL TERM
9 (RLIN) 13986
Source of heading or term armarc
Topical term or geographic name entry element Antropología filosófica
650 #7 - SUBJECT ADDED ENTRY--TOPICAL TERM
Source of heading or term armarc
Topical term or geographic name entry element Transhumanismo
700 1# - ADDED ENTRY--PERSONAL NAME
Personal name Arana Cañedo-Argüelles, Juan,
Dates associated with a name 1950-
Relator term director
-- autor
9 (RLIN) 12955
700 1# - ADDED ENTRY--PERSONAL NAME
Personal name Ortigosa, Andrés,
Relator term autor
700 1# - ADDED ENTRY--PERSONAL NAME
Personal name Caballero Wangüemert, María,
Relator term autor
700 1# - ADDED ENTRY--PERSONAL NAME
Personal name Palomo, Miguel,
Relator term autor
942 ## - ADDED ENTRY ELEMENTS (KOHA)
Source of classification or shelving scheme Dewey Decimal Classification
Koha item type Libro
Classification part 128
Item part F56
Existencias
Withdrawn status Lost status Source of classification or shelving scheme Damaged status Not for loan Collection code Home library Current library Shelving location Date acquired Source of acquisition Total Checkouts Total Renewals Full call number Barcode Checked out Date last seen Date last checked out Price effective from Koha item type
    Dewey Decimal Classification     Magisterial Biblioteca Karol Wojtyla Biblioteca Karol Wojtyla Módulo de circulación 03/12/2013 Compra 1 1 128 F56 2024 63344 17/02/2027 10/11/2025 10/11/2025 03/12/2013 Magisterial